000
00226nam a2200085Ia 4500
245
0
_a
MP3 players
100
_a
Sturm, Jeanne Vero Beach, FL, [c.2009]
_9
100669
942
_c
BK
008
210818s9999 xx 000 0 und d
999
_c
432831
_d
432830